| 000 | 00651cab a22001935a 4500 | ||
|---|---|---|---|
| 001 | L157864 | ||
| 008 | 130619e20130608xxk 000 0 eng d | ||
| 035 | _a(Sirsi) u157864 | ||
| 041 | 0 | _aeng | |
| 100 | 1 | _aWright, Emily | |
| 245 | 0 | 0 |
_aFocus _bBasking in Brazil |
| 260 | _c2013 | ||
| 490 |
_aEstates Gazette _v(1323) 8 June 2013, 56-62(8) |
||
| 520 | _aAnalysis of markets in Brazil. Includes statistical analysis of Brazil's growth, GDP and property and contains an interview with the Anthony Armstrong Emery who is Chief Executive of EcoHouse Group. | ||
| 590 | _aKA | ||
| 651 | 4 | _aBrazil | |
| 690 |
_aCommercial property _96227 |
||
| 942 | _n0 | ||
| 999 |
_c84477 _d84477 |
||